Un legado de Libertad: Milton Friedman en Chile

Zapisane w:
Opis bibliograficzny
Główni autorzy: Friedman, Milton (Autor), Piñera, José (Autor), Castro, Sergio de (Autor), Bellolio, Jaime (Autor), Soto, Angel (Autor)
Kolejni autorzy: Kaiser, Axel (autor)
Format: Książka
Język:hiszpański
Wydane: Santiago Instituto Democracia y Mercado 2012
Hasła przedmiotowe:
Etykiety: Dodaj etykietę
Nie ma etykietki, Dołącz pierwszą etykiete!

MARC

LEADER 00000cam a2200000 a 4500
001 UCF7081
003 CL-VaPUC
008 130606e20120000CL |||||||||||||||||spa|d
020 |a 9789568848231 
082 0 4 |a 330  |b FRI  |2 21 
100 0 |a Friedman, Milton  |e author  |9 356484 
700 0 |a Piñera, José  |e author  |9 569024 
700 0 |a Castro, Sergio de  |e author  |9 569025 
700 |a Kaiser, Axel  |e autor  |9 596545 
700 0 |a Bellolio, Jaime  |e author  |9 569027 
700 0 |a Soto, Angel  |e author  |9 569028 
245 1 3 |a Un legado de Libertad: Milton Friedman en Chile 
300 |a 104 p 
942 |c BK 
945 |d 20130606 00:00:00  |a dcastane 
260 |a Santiago  |b Instituto Democracia y Mercado  |c 2012 
650 0 |a Economía   |9 255568 
650 0 |a Capitalismo  |9 255255 
650 7 |a INDUSTRIA Y ESTADO  |2 CL-VaPUC  |9 258143 
583 |a last modification  |c 20130606 11:56:00  |k Rodrigo Vera 
999 |c 352006  |d 352004 
952 |0 0  |1 0  |4 0  |6 330_000000000000000_FRI_2012  |7 0  |8 C  |9 456485  |a BIBCUR  |b BIBCUR  |d 2019-11-22  |i 497641K  |o 330 FRI 2012  |p 497641K  |r 2025-04-22  |w 2019-11-22  |y BK  |k CAC